[Marcelli Palingenii Stellati Poetae Doctissimi Zodiacus vitae hoc est, de hominis vita, studio, ac moribus optime instituendis libri XII. ad illustrissimum Ferrariae Ducem Herculem secundum. Opus mire eruditum, planéque philosophicum, ac diligentissime in Studiosorum vsum denuo excusum. Cum indice accuratissimo]

Bibliographic Details
Main Author: Manzolli, Pietro Angelo, 1500-1543 (Author, Dedicator)
Format: Book
Language:Latin
PhysicalDescription:366 strán, 41 nečíslovaných listov 8° 13 × 8 cm
Subjects:

MARC

LEADER 00000nam a2200000 4500
001 vtls012267139
003 SK-MaSNL
005 20260301171033.0
008 241119s1594 sz f 010 0 lat
015 |a SNBHFA 
040 |a SNKHF  |b slo  |c SNKHF  |e rda 
041 0 |a lat 
044 |a sz  |c CH 
072 7 |a 821.131.1  |x Talianska literatúra  |2 konspekt 
080 |a 821.131.1  |2 2011 
080 |a 82-1  |2 2011 
100 1 |a Manzolli, Pietro Angelo,  |d 1500-1543  |4 aut  |4 dto  |9 165398 
245 1 1 |a [Marcelli Palingenii Stellati Poetae Doctissimi Zodiacus vitae hoc est, de hominis vita, studio, ac moribus optime instituendis libri XII. ad illustrissimum Ferrariae Ducem Herculem secundum. Opus mire eruditum, planéque philosophicum, ac diligentissime in Studiosorum vsum denuo excusum. Cum indice accuratissimo] 
264 3 |a [Basileae]  |b [ex officina Osteniana]  |c M D XCIV [=1594] 
300 |a 366 strán, 41 nečíslovaných listov  |c 8°  |c 13 × 8 cm 
336 |a text  |b txt  |2 rdacontent 
337 |a bez média  |b n  |2 rdamedia 
338 |a zväzok  |b nc  |2 rdacarrier 
500 |a Vinety, signety, iniciálky na 2, 3 riadky 
504 |a Kustody 
510 4 |a VD16  |c M/861 
546 |a Latinčina  |b Kurzíva 
550 |a Tlačiarenské údaje doplnené z VD16 
562 |a Defekt: chýba titulný list a začiatok knihy.  |5 SNK IE 11246 
562 |a Rukopisné marginálie.  |5 SNK IE 11246 
563 |a Väzba: žltá koža, reštaurovaná, dve kožené šnúrky.  |5 SNK IE 11246 
650 0 7 |a talianska literatúra  |2 SNKPH  |9 1215 
650 0 7 |a poézia  |2 SNKPH  |9 1274 
700 1 |a Pantaleon, Heinrich,  |d 1522-1595  |4 oth  |9 169192 
700 1 |a Scauranus, Thomas  |4 oth  |9 71993 
752 |a Švajčiarsko  |d Bazilej 
852 |a snk  |b Základný fond  |p IE 11246 
958 |a DA 
958 |a ONDV 
999 |c 829539  |d 831469 
952 |t Základný fond 42501  |a SNK  |b SNK  |c SNK_HF  |y PREZ  |7 0  |p 17A1488140  |o snkIE 11246  |i snk2024/17462  |8 5  |0 0  |1 0  |4 0  |d 2024-11-19  |l 0  |r 2026-02-24 03:33:56  |w 2026-02-24